[Event "SVK-ch U16 Girls"]
[Site "Liptovsky Mikulas"]
[Date "2007.04.24"]
[Round "5"]
[White "Motycakova, Monika"]
[Black "Pankova, Terezia"]
[Result "1-0"]
[WhiteElo "1861"]
[BlackElo "1350"]
[PlyCount "53"]
[EventDate "2007.04.22"]
[EventType "tourn"]
[EventRounds "9"]
[EventCountry "SVK"]
[SourceTitle "EXT 2008"]
[Source "ChessBase"]
[SourceDate "2007.11.25"]
[SourceVersion "1"]
[SourceVersionDate "2007.11.25"]
[SourceQuality "1"]

1. e4 e5 2. Nf3 Nc6 3. Nc3 Nf6 4. d4 exd4 5. Nd5 Be7 6. Bf4 d6 7. Nxd4 0-0 8. Nb5 Nxd5 9. exd5 Ne5 10. Be2 c6 11. dxc6 bxc6 12. Nd4 c5 13. Nf3 Bf6 14. 0-0 Bb7 15. c3 c4 16. Nxe5 Bxe5 17. Bxe5 dxe5 18. Bxc4 Qc7 19. Bb3 Rfe8 20. Qg4 Kh8 21. Rad1 Qc5 22. Rd7 Bc8 23. Rfd1 Bxd7 24. Rxd7 Re7 25. Qe4 Rc8 26. Rd3 Rc6 27. Rd8+ 1-0